| 000 | 00500nam a22001577a 4500 | ||
|---|---|---|---|
| 008 | 150922b xxu||||| |||| 00| 0 eng d | ||
| 020 | _a0536260761 | ||
| 050 | _aQA 152.25 .M55 2007 | ||
| 100 |
_aMiller, Daniel S. _d2007. |
||
| 245 |
_aCollege mathematics: _bStudents solutions manual to accompany. |
||
| 250 | _a3rd ed. | ||
| 260 |
_aNew Jersey _bPearson prentice hall. _c2007. |
||
| 300 | _av, 282p. : ill. | ||
| 650 | _aMathematics. | ||
| 942 |
_2lcc _cBOOKS _hQA 152.25 .M55 2007 |
||
| 999 |
_c6222 _d6222 |
||